Quizzes
Events
Quiz Creation
Community
Videos
Private Events
Remove Ads
Sign In
Join for FREE
Feedback
Dark Mode
Quiz Categories
Sports
Geography
Music
Movies
Television
Just For Fun
Miscellaneous
History
Literature
Language
Science
Gaming
Entertainment
Religion
Holiday
For Kids
Quiz Lab
Recent
Popular Today
Quiz Kudos Today
Editor Picks
Curator Picks
Quizzes by...
Day
Popularity
Type
Ratings
Length
Year
Community
Subscriptions
Recent Discussions
Orange Saloon
Badges
Playlists
Quests
Create
Leaderboards
Showdown
Live 5
Trivia Bingo
Activity
Puzzle Library
Sporcle Events
Private Events
Virtual Trivia
Globe League
Become a Host
Pub Owners
SporcleCon
Opinionation
Our Games
Videos
Blog
Mobile Apps
Partnerships
Remove Ads and Go Orange
Feedback
Sports
Athletes
MLB
NBA
NHL
NFL
Soccer
Sports Teams
WWE
NCAA
Football
Premier League
Basketball
Baseball
Hockey
Golf
Tennis
Cricket
Rugby
Auto Racing
Olympics
World Cup
Sports
Athletes
MLB
NBA
NHL
NFL
Soccer
Sports Teams
WWE
NCAA
Football
Premier League
Basketball
Baseball
Hockey
Golf
Tennis
Cricket
Rugby
Auto Racing
Olympics
World Cup
Random Quiz
Search Sporcle
×
Quiz Lab
Quiz Lab
Sports
Rugby
Type in answers that appear in a list
Type in answers that appear in a list
Classic
Best Score? Go Orange.
Ireland Try Scorers Since 2010 Stats
Can you name the players to have scored a try for Ireland since the turn of the decade? (LATEST GAME INCLUDED: England v Ireland, 23 Feb 2020)
By
SDHoneymonster
10m
74 Questions
996 Plays
996 Plays
996 Plays
Comments
Comments
Give Quiz Kudos
Give Quiz Kudos
-
- Ratings
hide this ad
More Info
Replay
Link that replays current quiz
Next Quiz
Link to next quiz in quiz playlist
You Got
0%
They Got
Avg Score
61%
Avg Friend Score
Upgrade to see
Score Distribution
Jump to the score distribution portion of the page
Score
0/74
Timer
10:00
0
Plays Today
Tries Scored
Player
% Correct
13
Johnny Sexton
97.4%
8
Brian O'Driscoll
96.6%
11
Rob Kearney
96.2%
14
Conor Murray
96%
5
Dave Kearney
95.9%
26
Keith Earls
95.4%
8
Rory Best
94.5%
19
Tommy Bowe
94%
10
Jamie Heaslip
93.8%
5
Cian Healy
89.7%
10
CJ Stander
88.7%
16
Jacob Stockdale
88.2%
6
Robbie Henshaw
87.4%
9
Simon Zebo
87%
4
Bundee Aki
86.8%
2
Paul O'Connell
86.4%
6
Sean O'Brien
86%
8
Garry Ringrose
85.4%
2
Gordon D'Arcy
84.4%
9
Andrew Trimble
84.3%
5
Tadhg Furlong
84.3%
2
Devin Toner
83.5%
6
Sean Cronin
82.9%
1
John Ryan
82.9%
3
Luke McGrath
82.4%
3
James Ryan
82.1%
2
Peter O'Mahony
81.8%
2
Ronan O'Gara
81.4%
1
Jack McGrath
81.3%
5
Iain Henderson
79.7%
2
Paddy Jackson
78.7%
2
Eoin Reddan
76.9%
3
Jordi Murphy
74.8%
4
Jared Payne
73.9%
2
Josh van der Flier
73.8%
7
Jordan Larmour
73.6%
2
Luke Fitzgerald
70.3%
Tries Scored
Player
% Correct
10
Andrew Conway
69.6%
5
Kieran Marmion
67.9%
10
Fergus McFadden
66.3%
1
Joey Carbery
65.6%
5
Craig Gilroy
65.4%
1
David Wallace
65.2%
3
Dan Leavy
63.9%
1
Ian Madigan
63.4%
3
Tomás O'Leary
63%
6
Jack Conan
62.7%
2
Stephen Ferris
62.4%
1
Isaac Boss
62.4%
1
John Cooney
58.9%
1
Andrew Porter
58.3%
4
Rhys Ruddock
57.9%
1
Niall Scannell
56.2%
4
Chris Henry
55.1%
3
Tadhg Beirne
53.7%
2
Luke Marshall
52.2%
1
Ultan Dillane
50.9%
1
Rob Herring
50.7%
2
Richardt Strauss
50%
1
Dave Kilcoyne
49%
2
Quinn Roux
48.4%
2
Tommy O'Donnell
48.1%
3
Felix Jones
47.5%
1
Stuart McCloskey
45.7%
2
Darren Cave
45.7%
2
Tiernan O'Halloran
45.3%
1
Stuart Olding
43.6%
1
Tom Court
37.6%
1
Darren Sweetnam
34.2%
1
James Tracy
33.6%
1
Dan Tuohy
29.4%
1
Shane Jennings
27.7%
1
Tony Buckley
26.9%
1
Sean Reidy
24.5%
Quiz Playlist
Details
Report
Send in Message
Add To Playlist
More Info:
Only capped Ireland Tests are included. Wolfhounds, uncapped Tests and Lions games are not.
Classic:
Type in answers that appear in a list
Last Updated: Mar 6, 2020
Quiz Scoreboard
CHALLENGE
Sign Up to Join the Scoreboard
Show All
Scores
Hide
Comments
May contain spoilers
Recently Published
An Introduction to Baseball
by treessimontrees
Sports
5m
Movies - When Are They Set?
by FPL_Elf
Movies
5m
Popular People in 1961
by mucciniale
History
6m
More to Explore
Quiz From the Vault
Featured Blog Post
Where Did the Easter Bunny Come From?
hide this ad
You Might Also Like...
Tags
Rugby Quiz
International Rugby
Ireland
Irish Rugby
Munster Rugby
Northern Ireland
Rugby Union
Today's Top Quizzes in Sports
Browse Sports
hide this ad
Today's Top Quizzes in Rugby
Browse Rugby
Top Contributed Quizzes in Sports
1
Les meilleurs buteurs des matchs entre le PSG et l’OM
2
2022 World Cup Stars
3
FIFA Club World Cup Champions
4
Les entraîneurs de l'OM et du PSG au 21e siècle
5
Name the Premier League winners with different clubs
6
La finale Lions - Afrique du Sud 2021
7
England Test cricketers to play under Nasser Hussain
8
5-to-1: UK Sports Teams
9
Les joueurs passés par le LOSC et le RC Lens
10
Criteria MLB: Left Handed Sluggers
Explore More
Trending Topics
Marvel
NBA
Crossword
Anime
Disney
Harry Potter
Kpop
The Office
Soccer
Puzzle
WWE
Country
Pokémon
NFL
Song
hide this ad
More By:
SDHoneymonster
Quiz
Plays
Rating
Category
Featured
Created
England Test Cricketers Since 2010
5,999
4.67
Sports
May 30, 2013
England Test Centurions: 2000 -
4,206
4.91
Sports
Jul 23, 2013
Soulsborne: ALL Bosses.
4,032
4.88
Gaming
May 29, 2016
England T20 International Cricketers
3,146
5.00
Sports
Jun 27, 2013
Eddie Jones' England Players
2,771
5.00
Sports
Feb 6, 2016
Go to Creator's Profile
Score Distribution
Quiz Creator Spotlight
SDHoneymonster
Follow
Send a Message
Quizzes Created
-
Created Quiz Play Count
-
More By This Creator
Popular Quizzes Today
1
Find the Countries of Europe - No Outlines Minefield
2
Find the US States - No Outlines Minefield
3
The Countries of the World
4
Popular People in 1961
5
Find the US States
6
US States
7
1-10 Letter E Words III
8
Risky Map Clicking: Biggest States A-Z
More Sports Quizzes
Last XI: Wenger - Arsenal
Quiz Lab
Trending Quizzes
Risky Map Clicking: Least Populous States A-Z
1-10 Letter F Words
1-10 Letter G Words
Not Quite an Element Typing Challenge
One Thing in Common: United Kingdom
Recently Updated
Leaping Animals
pecheneg
Reality TV Shows (A-Z)
bhenderson79
Rickey Henderson's Hall of Fame Teammates
pecheneg
Champions League XIs: Arsenal
pecheneg
Quick Pick: Celebrities in WWE's Hall of Fame
aduchscher
A-Z Keypad Blitz II
pecheneg
Multiple Oscar Actors
pecheneg
Mystery Phrase Blitz: Oscar 'Best Actors'
pecheneg
F. Scott Fitzgerald Novels
LTH
Pick 3 Villains
ddd62291
Trending Topics
Harry Potter
Kpop
NBA
Crossword
Anime
Disney
Marvel
Pokémon
NFL
Song
Puzzle
Country
Soccer
The Office
WWE
Your Account Isn't Verified!
In order to create a playlist on Sporcle, you need to verify the email address you used during registration. Go to your
Sporcle Settings
to finish the process.
Report this User
Report this user for behavior that violates our
Community Guidelines
.
Details:
Send Report
Go to the Sporcle.com Mobile Site →
Comments